Discursos leídos ante la Real Academia Hispano-Americana en la recepción pública del Sr. D. Nicolás Tenorio y Cerero el día 8 de diciembre de 1914 (Record no. 129152)

MARC details
000 -LEADER
campo de control de longitud fija 00728nam a2200181 i 4500
001 - NÚMERO DE CONTROL
campo de control 129152
003 - IDENTIFICADOR DE NÚMERO DE CONTROL
campo de control ES-MaACL
005 - FECHA Y HORA DE LA ÚLTIMA TRANSACCIÓN
campo de control 20230906193440.0
007 - CAMPO FIJO DE DESCRIPCIÓN FÍSICA--INFORMACIÓN GENERAL
campo de control de longitud fija t|
008 - DATOS DE LONGITUD FIJA--INFORMACIÓN GENERAL
campo de control de longitud fija 070607s1914 sp ||||1| spa d
100 1# - ENTRADA PRINCIPAL--NOMBRE DE PERSONA
Nombre de persona Tenorio y Cerero, Nicolás.
9 (RLIN) 109703
245 10 - MENCIÓN DEL TÍTULO
Título Discursos leídos ante la Real Academia Hispano-Americana en la recepción pública del Sr. D. Nicolás Tenorio y Cerero el día 8 de diciembre de 1914
Resto del título : [tema: el "Uti Possidetis de 1810"].
260 ## - PUBLICACIÓN, DISTRIBUCIÓN, ETC.
Lugar de publicación, distribución, etc. Cádiz :
Nombre del editor, distribuidor, etc. [Real Academia Hispano-Americana de Ciencias y Artes],
Fecha de publicación, distribución, etc. 1914.
300 ## - DESCRIPCIÓN FÍSICA
Extensión 41 p. ;
Dimensiones 22 cm.
500 ## - NOTA GENERAL
Nota general Incluye contestación de Pelayo Quintero y Atauri.
700 0# - ENTRADA AGREGADA--NOMBRE PERSONAL
Nombre de persona Quintero Atauri, Pelayo.
9 (RLIN) 94723
852 ## - LOCALIZACIÓN
Ubicación ES-MaACL
Número de control de estantería T-1430-F-6
Holdings
Estatus retirado Estado de pérdida Estado de daño No para préstamo Colección Biblioteca de origen Biblioteca actual Ubicación en estantería Fecha de adquisición Fuente de adquisición Total de préstamos Signatura topográfica completa Código de barras Visto por última vez Precio de reemplazo Tipo de ítem Koha
        Colección de folletos Biblioteca del Ateneo de Madrid Biblioteca del Ateneo de Madrid Depósito folletos 17/01/2008     T-1430-F-6 1134495 23/02/2023 23/02/2023 Folleto